Anuário empresarial da Bahia, 2017-2018 (Record no. 64418)

MARC details
000 -LÍDER
campo de controle de tamanho fixo 00408 a2200133 4500
001 - NÚMERO DE CONTROLE
campo de controle 64418
040 ## - FONTE DA CATALOGAÇÃO
Instituição que transcreveu o registro Anchieta - Pituba
240 10 - TÍTULO UNIFORME
Título uniforme Anuário empresarial da Bahia, 2017-2018
Idioma da obra por
245 10 - TÍTULO
Título Anuário empresarial da Bahia, 2017-2018
300 ## - DESCRIÇÃO FÍSICA
Extensão 96
362 0# - DATAS DE PUBLICAÇÃO E/OU DESIGNAÇÃO SEQUENCIAL
Datas de publicação e/ou designação sequencial 2017
650 #4 - ASSUNTO--TERMO TÓPICO
Cabeçalho tópico ou nome geográfico Enciclopédias gerais (almanaques, anuários enciclopédicos e obras de carácter geral sobre curiosidades
942 ## - ELEMENTOS DE ENTRADA ADICIONADOS (KOHA)
Tipo de material Koha Livros
Holdings
Situação do descarte Situação das perdas Situação física Não pode ser emprestado Biblioteca de origem Biblioteca atual Data de aquisição Total de empréstimos Número de chamada completo Código de barras Data de último acesso Data do preço efetivo Tipo de material Koha
        Colégio Anchieta - Pituba Colégio Anchieta - Pituba 21/11/2023   030 A636a ANU 18665/PIT 21/11/2023 21/11/2023 Livros